Statystyki dla Przydomki państw

Kliknij tutaj aby rozwiązać quiz!

Ogólne statystyki

  • Ten quiz został rozwiązany 54 razy
  • Średni wynik to 6 z 20

Statystyki odpowiedzi

PrzydomekPaństwo% Poprawnych
Dar NiluEgipt
88%
Kraj kwitnącej wiśniJaponia
88%
Państwo ŚrodkaChińska Republika Ludowa
72%
Wujek SamStany Zjednoczone
66%
Łza IndiiSri Lanka
62%
Kraina tysiąca jeziorFinlandia
52%
Kraina lodu i ogniaIslandia
46%
Kraina NoegoArmenia
20%
Szmaragdowa WyspaIrlandia
20%
SześciokątFrancja
16%
Czerwona WyspaMadagaskar
16%
Kokpit EuropyBelgia
12%
Kraj prawych ludziBurkina Faso
8%
Kraina złotego runaAustralia
6%
Cukiernica świataKuba
6%
Kraina UsmiechówTajlandia
6%
Królestwo PustelnikówKorea Północna
4%
Kraina Błękitnego NiebaMongolia
4%
Kraina Długiej Białej ChmuryNowa Zelandia
4%
Kraina ŁaskiWenezuela
4%

Rozkład punktacji

Percentyl według liczby udzielonych odpowiedzi

Procent ludzi z każdym wynikiem

Twoja historia wyników

Nie rozwiązałeś tego quizu